000 00911cam a22003017a 4500
003 CHAP
005 20220329141215.0
008 971010s1980 r 00010 d
010 _a64368
011 _a65340
035 _a71956
040 _cCHAP
082 _a632.954
_bP6
100 0 0 _aPomilio, Andrés V.
_990756
245 0 _aMalezas (herbicidas que las controlan)
260 _aBuenos Aires :
_bAlbatros,
_c1980
300 _a72 p.
590 _aBATCH-UPD
_b10
_c20130110
_lUCH01
_h0818
590 _aBATCH-UPD
_b10
_c20130410
_lUCH01
_h0456
590 _aBATCH-UPD
_b10
_c20130914
_lUCH01
_h1608
590 _aCONVERSION
_b10
_c20130109
_lUCH01
_h1335
650 1 4 _aHerbicidas.
_953691
650 1 4 _aMalas hierbas.
_969996
901 _aBK
942 _cLIBRO
949 _a632.954 P6
_bBC
_cLIBRO
_d33724002175413
_eLIBRO
_h112732
_i71956
_sb
949 _a632.954 P6
_bPA
_cLIBRO
_d-4636
_eLIBRO
_h1291
_i71956
_si
999 _c64368
_d64368